Biblioteca

The mission of ministry (Registro nro. 70236)

Detalles MARC
000 -LÍDER
Campo fijo de descripción fija 01679nab a2200241 i 4500
001 - NÚMERO DE CONTROL
Campo de control 768714001
003 - IDENTIFICADOR DEL NÚMERO DE CONTROL
Campo de control CO-MdFUSB
005 - FECHA Y HORA DE LA ULTIMA TRANSACCIÓN
control field 20240618062727.0
008 - ELEMENTOS DE LONGITUD FIJA -- INFORMACIÓN GENERAL
Campo fijo de descripción fija -- Información general 240617t1986 us ||||| |||| 00| 0 eng d
040 ## - FUENTE DE CATALOGACIÓN
Idioma de catalogación spa
Agencia que realiza la transcripción CO-MdFUSB
Agencia que realiza la modificación CO-MdFUSB
041 ## - CÓDIGO DE IDIOMA
Código de idioma para texto/pista de sonido o título separado eng
100 ## - ASIENTO PRINCIPAL--NOMBRE PERSONAL
Nombre personal Costas, Orlando E.
Término relacionador autor
245 #3 - TÍTULO
Título The mission of ministry
Mención de responsabilidad / Orlando E. Costas
520 ## - NOTA DE RESUMEN, ETC.
Nota de sumario, etc. Este artículo explora el significado misiológico del ministerio ordenado. Sostiene que el ministerio es un don del Espíritu a la iglesia en misión. Utilizando el caso de la iglesia antioqueña y sus implicaciones misionológicas como punto de referencia, subraya la naturaleza pneumático-vocacional del ministerio y el requisito concomitante de una formación ministerial informada por las prioridades históricas de la misión de Dios. Costas propone tres prioridades para la agenda del ministerio ordenado en el último cuarto del siglo XX: (1) ayudar a la iglesia a enfrentar el desafío de aquellos que aún no han escuchado el evangelio y lo consideran una opción para sus vidas, (2 ) permitir a la iglesia responder al clamor de “los contra quienes pecaron”, y (3) desafiar a la iglesia a convertirse en un instrumento eficaz y un signo de solidaridad humana y unidad cristiana.
546 ## - NOTA DE IDIOMA
Nota de idioma Texto en inglés.
650 #0 - ASIENTO SECUNDARIO DE MATERIA - TERMINO TEMÁTICO
Término temático o nombre geográfico como elemento de entrada Misiones
9 (RLIN) 154
650 #7 - ASIENTO SECUNDARIO DE MATERIA - TERMINO TEMÁTICO
Término temático o nombre geográfico como elemento de entrada Teología de la liberación
9 (RLIN) 449
650 #7 - ASIENTO SECUNDARIO DE MATERIA - TERMINO TEMÁTICO
Término temático o nombre geográfico como elemento de entrada Iglesia
9 (RLIN) 655
650 #0 - ASIENTO SECUNDARIO DE MATERIA - TERMINO TEMÁTICO
Término temático o nombre geográfico como elemento de entrada Espíritu Santo
9 (RLIN) 50
773 0# - ASIENTO DE ITEM FUENTE
Biblionumber 70215
Itemnumber 82773
Lugar, editorial y fecha de publicación Pensilvania, Estados Unidos
Otro identificador del ítem R2648
Título Missiology
Número de control del registro (CO-MdFUSB)768714001
Parte(s) relacionada(s) / Volumen., número. (mes año), páginas Volumen14, (número 4, 1986) páginas: 463 - 472
Enumeración y primera página página: 463
942 ## - TIPO DE MATERIAL (KOHA)
Tipo de Item KOHA Artículos de Revista
945 ## - INFORMACIÓN LOCAL DEL REGISTRO
Catalogador Catherine Arias Álvarez - Practicante SENA

No hay ítems disponibles.

Biblioteca FUSBC | Teléfono: (57+4) 349 88 10 Ext. 141| WhatsApp (+57) 3005338115 
E-mail: biblioteca@unisbc.edu.co | Calle 76 87-14 Robledo Palenque, Medellín, Colombia

Con tecnología Koha